Statistics for Fullmetal Alchemist

Click here to take the quiz!

General Stats

  • This quiz has been taken 324 times
  • The average score is 15 of 24

Answer Stats

HintCharacter% Correct
Fullmetal AlchemistEdward Elric
100%
Armored AlchemistAlphonse Elric
97%
Flame AlchemistRoy Mustang
91%
HomunculusEnvy
88%
HomunculusLust
88%
HomunculusGreed
86%
HomunculusPride
85%
Ishbalan AlchemistScar
85%
HomunculusGluttony
84%
HomunculusWrath
84%
Automail EngineerWinry Rockbell
83%
HomunculusSloth
80%
Xingese PrinceLin Yao
71%
Elric Brothers' MotherTrisha
57%
Elrics Brothers' FatherVan Hohenheim
52%
Previous Character's GrandmaPinako Rockbell
49%
Xingese AlchemistMay Chang
48%
SniperRiza Hawkeye
44%
Red Lotus AlchemistSolf J. Kimblee
37%
Their DogDen
34%
MajorAlex Armstrong
28%
Major General (Major's Sister)Olivia Armstrong
21%
Previous Character's CompanianXiao Mei
21%
Homunculus FatherDwarf in a Flask
6%

Score Distribution

Percentile by Number Answered

Percent of People with Each Score

Your Score History

You have not taken this quiz